000 00993nam a22002897a 4500
003 CHAP
005 20220329134819.0
008 971013s r 10010 d
010 _a26384
011 _a27356
035 _a31457
040 _cCHAP
082 _a385
_bC6 1972
111 0 0 _aConferencia Internacional sobre Infraestructura para el Transporte en los Países en Proceso de Desarrollo (
_d1972
_c: Mérida, Yuc.)
_926523
245 _aMemoria
260 _a(s.l.) :
_bSecretaría de Obras Públicas,
_c(s.a.)
300 _alxxii, 184 p.
_b: gráfs.
590 _aBATCH-UPD
_b10
_c20130110
_lUCH01
_h1209
590 _aBATCH-UPD
_b10
_c20130410
_lUCH01
_h0749
590 _aBATCH-UPD
_b10
_c20130914
_lUCH01
_h1032
590 _aCONVERSION
_b10
_c20130109
_lUCH01
_h1315
650 1 4 _aTransportes.
_9114645
650 1 4 _aTransportes
_xPaíses subdesarrollados.
_9114659
901 _aBK
942 _cLIBRO
949 _a385 C6 1972
_bBC
_cLIBRO
_d33724000432811
_eLIBRO
_h41797
_i31457
_mD
_si
999 _c26384
_d26384